Mactan–Cebu Int. Airport Destinations (Cebu, Philippines) - Statistics

General Stats
  • This quiz has been taken 56 times
    17 since last reset
  • The average score is 19 of 51
Answer Stats
Airline Destination % Correct
Cebgo/Cebu Pacific/PAL Express/Philippine Airlines/Philippines AirAsia/Sunlight Air Manila
100%
Air Busan/Jeju Air Busan
87%
Emirates Dubai (International)
87%
Vietnam Airlines Hanoi
87%
Asiana Airlines/Cebu Pacific/Jeju Air/Jin Air/Korean Air/Philippine Airlines/T'way Air Seoul (Incheon)
87%
Qatar Airways Doha
80%
Cebu Pacific/Philippine Airlines Ho Chi Minh City
80%
Cathay Pacific/Cebu Pacific Hong Kong
80%
Firefly/Philippines AirAsia Kuala Lumpur (International)
80%
Cebu Pacific/Philippine Airlines Osaka (Kansai)
80%
China Eastern Airlines Shanghai (Pudong)
80%
Cebu Pacific/Scoot/Singapore Airlines Singapore
80%
Cebu Pacific/Philippine Airlines/United Airlines Tokyo (Narita)
80%
Cebu Pacific Bangkok (Don Mueang)
73%
Cebu Pacific/PAL Express/Philippines AirAsia Davao
67%
Turkish Airlines Istanbul
67%
China Airlines/EVA Air/Starlux Airlines Taipei (Taoyuan)
67%
Cebgo/Cebu Pacific Clark
60%
Jeju Air Daegu
47%
Jetstar Brisbane
40%
Philippines AirAsia Macau
40%
Cebgo/Cebu Pacific/PAL Express/Philippines AirAsia Iloilo
33%
Cebgo/Cebu Pacific/PAL Express Bacolod
27%
Cebgo/Cebu Pacific/PAL Express Butuan
27%
Cebgo/Cebu Pacific/PAL Express Cagayan de Oro
27%
AirSWIFT/Cebgo El Nido
27%
PAL Express Legazpi
27%
Cebu Pacific/PAL Express/Philippine Airlines Puerto Princesa
27%
Cebu Pacific/Leading Edge/PAL Express Zamboanga
27%
Cebgo/PAL Express/Sunlight Air Busuanga
20%
PAL Express Catarman
20%
Cebgo/PAL Express Tacloban
20%
Cebgo/Cebu Pacific Dipolog
13%
Cebgo/Cebu Pacific Dumaguete
13%
Cebgo/Cebu Pacific/PAL Express General Santos
13%
Cebgo/PAL Express/Sunlight Air Siargao
13%
Leading Edge Bantayan
7%
PAL Express Borongan
7%
Cebgo Camiguin
7%
Cebgo/Cebu Pacific/PAL Express/Philippines AirAsia Caticlan
7%
Aero K Cheongju
7%
Cebgo Masbate
7%
Cebgo/PAL Express Ozamiz
7%
Cebgo Pagadian
7%
Sunlight Air Siquijor
7%
Cebgo Surigao
7%
Leading Edge Bislig
0%
Cebgo/Cebu Pacific/PAL Express Calbayog
0%
PAL Express Cotabato
0%
Philippine Airlines Guam
0%
Cebgo San Vincente
0%
No matching quizzes found
Score Distribution
Percent of People with Each Score
Percentile by Number Answered
Your Score History
You have not taken this quiz since the last reset